Akčný plán prechodu z chránených dielní na zamestnávanie osôb so zdravotným postihnutím na otvorenom trhu práce (návrh)
Salvato in:
| Autore principale: | |
|---|---|
| Altri autori: | , , |
| Natura: | Libro |
| Lingua: | slovacco |
| Pubblicazione: |
Bratislava
Inštitút pre výskum práce a rodiny
2017
|
| Edizione: | 1. vydanie |
| Soggetti: | |
| Tags: |
Nessun Tag, puoi essere il primo ad aggiungerne!!
|
MARC
| LEADER | 00000nlm a2200000 4500 | ||
|---|---|---|---|
| 001 | 0241225 | ||
| 005 | 20240513112952.6 | ||
| 041 | 0 | |a slo | |
| 044 | |a SK | ||
| 245 | 1 | 0 | |a Akčný plán prechodu z chránených dielní na zamestnávanie osôb so zdravotným postihnutím na otvorenom trhu práce (návrh) |c riešiteľky: Darina Ondrušová, Daniela Kešelová, Kvetoslava Repková, spoluriešiteľka: Alena Zubaľová |
| 250 | |a 1. vydanie | ||
| 264 | 1 | |a Bratislava |b Inštitút pre výskum práce a rodiny |c 2017 | |
| 300 | |a online [65 s., 78 NS] | ||
| 610 | 2 | 0 | |a trh práce |
| 610 | 2 | 0 | |a dielne chránené |
| 610 | 2 | 0 | |a osoby zdravotne postihnuté |
| 610 | 2 | 0 | |a politika daňová |
| 100 | 1 | |a Ondrušová, Darina | |
| 700 | 1 | |a Kešelová, Daniela | |
| 700 | 1 | |a Repková, Kvetoslava | |
| 700 | 1 | |a Zubaľová, Alena, 1959- | |